Indian economy (Record no. 131505)
[ view plain ]
| 000 -LEADER | |
|---|---|
| fixed length control field | 00568nam a2200229Ia 4500 |
| 003 - CONTROL NUMBER IDENTIFIER | |
| control field | OSt |
| 005 - DATE AND TIME OF LATEST TRANSACTION | |
| control field | 20230307142057.0 |
| 008 - FIXED-LENGTH DATA ELEMENTS--GENERAL INFORMATION | |
| fixed length control field | 210210b2008 xxu||||| |||| 00| 0 eng d |
| 020 ## - INTERNATIONAL STANDARD BOOK NUMBER | |
| International Standard Book Number | 9788184880380 |
| 040 ## - CATALOGING SOURCE | |
| Transcribing agency | AL |
| 041 ## - LANGUAGE CODE | |
| Language code of text/sound track or separate title | eng |
| 082 ## - DEWEY DECIMAL CLASSIFICATION NUMBER | |
| Classification number | 338.954 MISI |
| 100 ## - MAIN ENTRY--PERSONAL NAME | |
| Personal name | MISRA (S K) |
| 9 (RLIN) | 74432 |
| 245 ## - TITLE STATEMENT | |
| Title | Indian economy |
| Remainder of title | Its development experience |
| 250 ## - EDITION STATEMENT | |
| Edition statement | 26 |
| 260 ## - PUBLICATION, DISTRIBUTION, ETC. | |
| Place of publication, distribution, etc. | Mumbai |
| Name of publisher, distributor, etc. | Himalaya Publishing House |
| Date of publication, distribution, etc. | 2008 |
| 300 ## - PHYSICAL DESCRIPTION | |
| Extent | xxvii,847 |
| 690 ## - LOCAL SUBJECT ADDED ENTRY--TOPICAL TERM (OCLC, RLIN) | |
| Topical term or geographic name as entry element | Indian Economics |
| 9 (RLIN) | 74433 |
| 700 ## - ADDED ENTRY--PERSONAL NAME | |
| Personal name | PURI (V K) |
| 9 (RLIN) | 74434 |
| 906 ## - LOCAL DATA ELEMENT F, LDF (RLIN) | |
| a | 063055 |
| 942 ## - ADDED ENTRY ELEMENTS (KOHA) | |
| Source of classification or shelving scheme | Dewey Decimal Classification |
| Koha item type | Book |
| Withdrawn status | Lost status | Source of classification or shelving scheme | Damaged status | Not for loan | Collection code | Home library | Current library | Date acquired | Source of acquisition | Cost, normal purchase price | Total Checkouts | Full call number | Barcode | Date last seen | Price effective from | Koha item type |
|---|---|---|---|---|---|---|---|---|---|---|---|---|---|---|---|---|
| Dewey Decimal Classification | Economics | St Aloysius Library | St Aloysius Library | 02/17/2021 | West Coast Paper & Stationers Mangalore-1 | 398.00 | 338.954 MISI | 063055 | 02/17/2021 | 02/17/2021 | Book | |||||
| Dewey Decimal Classification | Economics | St Aloysius Library | St Aloysius Library | 02/17/2021 | West Coast Paper and Stationers Mangalore-1 | 398.00 | 338.954 MISI | 063288 | 02/17/2021 | 02/17/2021 | Book | |||||
| Dewey Decimal Classification | Economics | St Aloysius Library | St Aloysius Library | 02/17/2021 | West Coast Paper and Stationers Mangalore-1 | 398.00 | 338.954 MISI | 063287 | 02/17/2021 | 02/17/2021 | Book |